| 000 | 00954nam a2200229Ia 4500 | ||
|---|---|---|---|
| 001 | 16927 | ||
| 003 | GE_BSU | ||
| 008 | 181216s||||||||xx |||||||||||||| ||und|| | ||
| 040 | _cGE_BSU | ||
| 080 | _a37.01(479.22) | ||
| 100 | _aდევდარიანი, კლავდია | ||
| 245 | _aსიცოცხლე და უკვდავება | ||
| 245 | _bიაკობ გოგებაშვილის ცხოვრებისა და მოღვაწეობის შესახებ | ||
| 245 | _cრედ. მ.სოხაძე | ||
| 260 | _aთბილისი | ||
| 260 | _bნაკადული | ||
| 260 | _c1970 | ||
| 300 | _a131გვ. ; 20სმ. | ||
| 653 | _aიაკობ გოგებაშვილის ცხოვრებისა და მოღვაწეობის შესახებ | ||
| 653 | _aსიცოცხლე და უკვდავება | ||
| 942 | _cBK | ||
| 999 |
_c49990 _d49990 |
||